| Tag |
First Indicator |
Second Indicator |
Subfields |
| LEADER |
00000nam a2200000Ia 4500 |
| 001 |
in00004328014 |
| 005 |
20200812090227.0 |
| 006 |
m g d |
| 007 |
cr bn |||a|bb| |
| 008 |
010525s1689 enk o 000 0 eng d |
| 035 |
|
|
|a (OCoLC)47012357
|
| 040 |
|
|
|a EAE
|c EAE
|e dcrb
|
| 037 |
|
|
|a CL0037000115
|b ProQuest Information and Learning. 300 N. Zeeb Rd., Ann Arbor, MI 48106
|
| 043 |
|
|
|a e-uk-en
|
| 090 |
|
|
|a BX7676.A2
|b C66
|
| 049 |
|
|
|a UMIA
|
| 245 |
0 |
4 |
|a The constancy of the people called Quakers. :
|b In their testimony against popery, sincerely asserted, in opposition to a perverss [sic] lybel, falsly stiled, A looking-Glass for the Quakers, (in two collumns) sallaciously mis-representing them: /
|c Humbly offered to publick and impartial view.
|
| 260 |
|
|
|a London:
|b [publisher not identified],
|c 1689.
|
| 300 |
|
|
|a 1 online resource (3 pages)
|
| 336 |
|
|
|a text
|b txt
|2 rdacontent
|
| 337 |
|
|
|a computer
|b c
|2 rdamedia
|
| 338 |
|
|
|a online resource
|b cr
|2 rdacarrier
|
| 500 |
|
|
|a At end: "London, the 30th of the [ ] Month, called May 1689. Written in behalf of the Peaceable People of God called, Quakers, by some of them."
|
| 500 |
|
|
|a Reproduction of original in: Friends' Library (London, England).
|
| 510 |
4 |
|
|a Wing (2nd edition)
|c C5937A
|
| 533 |
|
|
|a Electronic reproduction.
|b Ann Arbor, Mich. :
|c UMI,
|d 1999-
|f (Early English books online)
|n Digital version of: (Early English Books, 1641-1700 ; 2684:2)
|7 s1999 miun s
|
| 600 |
1 |
0 |
|a Penn, William
|d 1644-1718.
|
| 600 |
1 |
0 |
|a Pennyman, Joseph.
|t Looking-glass for the Quakers.
|
| 630 |
0 |
0 |
|a Looking-glass for the Quakers.
|
| 650 |
|
0 |
|a Society of Friends
|z Great Britain
|x History
|y 17th century
|v Sources.
|
| 650 |
|
0 |
|a Society of Friends
|x Anonymous writings
|v Early works to 1800.
|
| 650 |
|
0 |
|a Anti-Catholicism
|z Great Britain
|v Early works to 1800.
|
| 830 |
|
0 |
|a Early English books online.
|
| 856 |
4 |
0 |
|u http://proxy.library.tamu.edu/login?url=https://search.proquest.com/docview/2240872114
|z Connect to the full text of this electronic book
|t 0
|
| 999 |
f |
f |
|s a2b29412-467e-3a41-83b7-868baee82e8a
|i e21776f4-7695-3f0e-b6fc-8714ef218741
|t 0
|
| 952 |
f |
f |
|a Texas A&M University
|b College Station
|c Electronic Resources
|d Available Online
|t 0
|e BX7676.A2 C66
|h Library of Congress classification
|
| 998 |
f |
f |
|a BX7676.A2 C66
|t 0
|l Available Online
|